| 000 | 00863nam a2200253 a 4500 | ||
|---|---|---|---|
| 001 | 000021645 | ||
| 005 | 20200930011408.0 | ||
| 008 | 100909s1996 sp 000 0bspa d | ||
| 020 | _a8420646962 | ||
| 040 |
_aDO-SdBNP _bspa _cBNPHU |
||
| 082 |
_a921.2 _bM645d |
||
| 100 | 1 |
_aMill, John Stuart, _d1806-1873 _945023 |
|
| 245 | 1 | 0 |
_aDiario / _cJohn Stuart Mill ; edición de Carlos Mellizo; prólogo Carlos Mellizo. |
| 260 |
_aMadrid : _bAlianza Editorial _bGrupo Anaya, _c1996. |
||
| 300 |
_a62 p. ; _c15 cm. |
||
| 490 | 1 |
_aAlianza cien _v96 |
|
| 500 | _aLibro de bolsillo | ||
| 600 | 1 | 0 |
_aMILL, JOHN STUART, _d1806-1873 _vBIOGRAFÍAS _945024 |
| 650 | 4 |
_aFilósofos ingleses _vBIOGRAFÍAS _945025 |
|
| 650 | 4 |
_aLiderazgo político _9678 |
|
| 700 | 1 |
_aMellizo, Carlos _eprol. _945026 |
|
| 700 | 1 |
_aMellizo, Carlos, _eed. _945026 |
|
| 830 | 0 |
_aAlianza cien ; _n96 _945027 |
|
| 999 |
_c21144 _d21144 |
||